000 01493nam a2200349Ia 4500
001 ebr10053253
003 CaPaEBR
006 m u
007 cr cn|||||||||
008 000103r20022000maua sb 001 0 eng d
020 _z0306470152 (eBook)
020 _z0792377745 (alk. paper)
040 _aCaPaEBR
_cCaPaEBR
035 _a(OCoLC)70759283
050 1 4 _aQA76.88
_b.H545 2002eb
082 0 4 _a004/.3
_221
245 0 0 _aHigh performance computing systems and applications
_h[electronic resource] /
_cedited by Andrew Pollard, Douglas J.K. Mewhort, Donald F. Weaver.
260 _aBoston :
_bKluwer Academic,
_cc2002.
300 _axvi, 602 p. :
_bill.
490 1 _aThe Kluwer international series in engineering and computer science ;
_vSECS 541
504 _aIncludes bibliographical references and index.
533 _aElectronic reproduction.
_bPalo Alto, Calif. :
_cebrary,
_d2009.
_nAvailable via World Wide Web.
_nAccess may be limited to ebrary affiliated libraries.
650 0 _aHigh performance computing.
650 0 _aComputer systems.
655 7 _aElectronic books.
_2local
700 1 _aPollard, Andrew,
_d1948-
700 1 _aMewhort, Douglas J. K.,
_d1942-
700 1 _aWeaver, Donald F.,
_d1957-
710 2 _aebrary, Inc.
830 0 _aKluwer international series in engineering and computer science ;
_vSECS 541.
856 4 0 _uhttp://site.ebrary.com/lib/rucke/Doc?id=10053253
_zAn electronic book accessible through the World Wide Web; click to view
999 _c66136
_d66136